000 00242nam a2200097Ia 4500
001 696147
005 20250826162007.0
008 250824s9999 xx 000 0 und d
245 0 _aNEFES NEFESE/A.KULİN/EVEREST
_cAYŞE KULİN
260 _bEVEREST
999 _c696147
_d696147